01655nam a2200205 a 450000500170000002000270001702000300004408200120007410000250008624500490011126000550016030000130021552009680022865000350119670000140123185600700124594200070131599900150132295201120133720250816132054.0 a0435631055 (paperback) a9780435631055 (paperback) a540 BUR1 a George.Burton,966210aSalters' advanced chemistry : Chemical Ideas a[S.l.] :bHeinemann Educational Publishers,c1994. a298 p. ; a"Salters' Advanced Chemistry" is a course for 16- to 19-year-olds using a fully-approved A level syllabus administered by the Oxford and Cambridge Board. It aims to show students that the subject is worth studying in its own right, has vocational relevance, and can be enjoyable without compromising academic standards. The course attempts to convey the excitement of contemporary chemistry, exploring the frontiers of chemical research and development and placing chemistry in the context of its practical applications. It has been tested in a variety of schools and colleges. One of four titles in the series, "Chemical Ideas" explains major chemical concepts essential to an understanding of the material presented in its companion volume "Chemical Storylines". Designed to be readily accesible to students, it forms a reference and revision guide to the major concepts needed in A level chemistry, and includes a wide range of problems for students to answer. achemistry,chemical ideaas96631 aetc.930540uhttp://www.amazon.com/exec/obidos/ASIN/0435631055/chopaconline-20 cBK c1058d1058 0010708NFICaMLCampusbMLCampuscGENd2015-06-10l0o540 BURp002607r2022-11-17 00:00:00w2015-06-10yBK